000 00437nam a2200181Ia 4500
001 20806
005 20260306172832.0
008 260306t2016||||xx |||||||||||||| ||spa||
041 _aESP
082 _a343.8
_bC32
100 _aCastillo Calderón, Pedro
_eAUT
245 0 _aCómo fraccionar deudas tributarias
260 _c2016
300 _a47 páginas :
_c23 cm.
650 _aGEN
654 _aCDE
942 _cLIB
_dJUS
_fJUS
_2ddc
_n
999 _c20806
_d20806